Loading...
Science - Other Science | 0 | 9 | 2 | 1 | 80 | 57 | 83.89 | 0 | 0 |
History - Other History | 0 | 6 | 0 | 3 | 60 | 63 | 97.67 | 1 | 1 |
History - American History | 0 | 5 | 0 | 1 | 50 | 67 | 75.00 | 0 | 1 |
Science - Physics | 0 | 6 | 2 | 2 | 50 | 69 | 91.50 | 0 | 0 |
Literature - British Literature | 0 | 4 | 1 | 0 | 35 | 93 | 110.25 | 0 | 1 |
History - World History | 0 | 3 | 0 | 1 | 30 | 42 | 62.00 | 0 | 1 |
History - European History | 0 | 3 | 1 | 0 | 25 | 49 | 68.67 | 0 | 1 |
Literature - World Literature | 0 | 3 | 1 | 0 | 25 | 49 | 74.00 | 1 | 1 |
Religion | 0 | 3 | 2 | 1 | 20 | 87 | 97.33 | 0 | 0 |
Literature - American Literature | 0 | 2 | 0 | 0 | 20 | 62 | 71.00 | 0 | 1 |
Social Science | 0 | 2 | 1 | 0 | 15 | 41 | 41.50 | 0 | 2 |
Fine Arts - Classical Music | 0 | 2 | 1 | 0 | 15 | 68 | 84.50 | 0 | 1 |
Literature - European Literature | 0 | 2 | 1 | 0 | 15 | 88 | 100.50 | 0 | 0 |
Science - Biology | 0 | 2 | 1 | 1 | 15 | 84 | 90.50 | 0 | 1 |
Philosophy | 0 | 2 | 2 | 0 | 10 | 50 | 59.50 | 2 | 2 |
Painting/Sculpture | 0 | 2 | 3 | 1 | 5 | 95 | 96.50 | 0 | 0 |
Geography | 0 | 1 | 1 | 0 | 5 | 110 | 110.00 | 0 | 0 |
Fine Arts - Other Fine Arts | 0 | 2 | 4 | 0 | 0 | 96 | 104.00 | 0 | 0 |
Current Events | 0 | 1 | 2 | 1 | 0 | 109 | 109.00 | 0 | 0 |
Science - Chemistry | 0 | 1 | 3 | 0 | -5 | 59 | 59.00 | 0 | 0 |
Mythology | 0 | 1 | 3 | 1 | -5 | 108 | 108.00 | 0 | 0 |